000 00615nam a2200193Ia 4500
005 20250508165933.0
008 008 250505s9999 xx 000 0 eng d
037 _aTextual
040 _aFEDL
_beng
_cFEDL
041 _aeng
_2eng
084 _a371.394, BRA
_qFEDL
100 _aBradley Jo Ed.
_9782468
245 0 _aOpen classroom: Distance learning in and out at schools
260 _aLondon, UK
_bKogan Page
_c2003
300 _axii, 196p.
546 _aPhotocopy; Gifted by Prof. Namita Ranganathan memory of Prof. Arvind Gaysu
942 _cTEXL
_h371.394, BRA
999 _c1398293
_d1398293